[Event "Kiel op 31st"]
[Site "Kiel"]
[Date "2018.08.02"]
[Round "8"]
[White "Gerigk, Daniel"]
[Black "Quiring, Nikolai"]
[Result "0-1"]
[WhiteElo "1690"]
[BlackElo "2006"]
[PlyCount "144"]
[EventDate "2018.07.28"]
[EventType "swiss"]
[EventRounds "9"]
[EventCountry "GER"]
[SourceTitle "CBM 185 Extra"]
[Source "ChessBase"]
[SourceDate "2018.07.29"]
[SourceVersion "1"]
[SourceVersionDate "2018.07.29"]
[SourceQuality "1"]

1. e4 e6 2. d4 d5 3. Nc3 Nf6 4. Bg5 Bb4 5. e5 h6 6. exf6 hxg5 7. fxg7 Rg8 8. Qd3 Qf6 9. a3 Ba5 10. 0-0-0 Rxg7 11. Qe3 c6 12. Nf3 Bc7 13. g3 Nd7 14. Bg2 b5 15. Rhe1 a5 16. Nd2 Ba6 17. Bxd5 cxd5 18. Nxd5 Qd8 19. Nxc7+ Qxc7 20. d5 Rc8 21. c3 e5 22. Ne4 b4 23. d6 Qb7 24. Nf6+ Nxf6 25. Qxe5+ Kf8 26. Qxf6 bxc3 27. bxc3 Qb3 28. Re3 Qxa3+ 29. Kd2 Qb2+ 30. Ke1 Bb5 31. d7 Bxd7 32. Rxd7 Qb1+ 33. Rd1 Qb8 34. Red3 Re8+ 35. Kf1 Qa8 36. Kg1 Rg6 37. Qh8+ Rg8 38. Qh6+ Rg7 39. Rd7 Qf3 40. Rd8 Qe4 41. Qh8+ Rg8 42. Qh6+ Rg7 43. Qb6 Rg6 44. Qxa5 Kg7 45. R8d4 Qf3 46. Qc5 Qh5 47. h4 Qh6 48. Kf1 Qh5 49. Qb5 Ree6 50. Rd5 Qf3 51. Kg1 gxh4 52. Qd3 Qf6 53. Qd4 hxg3 54. fxg3 Rxg3+ 55. Kh2 Rg6 56. Qxf6+ Rexf6 57. c4 Rf4 58. R1d4 Rf2+ 59. Kh3 Rf1 60. Rg4 Rh1+ 61. Kg2 Rg1+ 62. Kxg1 Rxg4+ 63. Kf2 Rxc4 64. Kf3 Kg6 65. Rd6+ f6 66. Kg3 Kg5 67. Rd5+ f5 68. Re5 Rc3+ 69. Kf2 Kf4 70. Re2 Kg4 71. Re3 Rxe3 72. Kxe3 Kg3 0-1

[Event "Klatovy op-B 24th"]
[Site "Klatovy"]
[Date "2018.07.07"]
[Round "8"]
[White "Kanka, Matej"]
[Black "Gerigk, Daniel"]
[Result "1-0"]
[WhiteElo "1905"]
[BlackElo "1690"]
[PlyCount "37"]
[EventDate "2018.06.30"]
[EventType "swiss"]
[EventRounds "9"]
[EventCountry "CZE"]
[SourceTitle "EXT 2019"]
[Source "ChessBase"]
[SourceDate "2018.10.10"]
[SourceVersion "1"]
[SourceVersionDate "2018.10.10"]
[SourceQuality "1"]

1. e4 e5 2. Nf3 Nc6 3. d4 exd4 4. Bc4 Be7 5. c3 Na5 6. Qxd4 Nxc4 7. Qxc4 d6 8. 0-0 b6 9. Rd1 Be6 10. Qc6+ Bd7 11. Qc4 Be6 12. Qa4+ Bd7 13. Qc2 Bc6 14. Ne5 Bb7 15. Qb3 d5 16. exd5 Bd6 17. Qb5+ c6 18. dxc6 a6 19. Qd5 1-0

[Event "Klatovy op-B 24th"]
[Site "Klatovy"]
[Date "2018.07.02"]
[Round "3"]
[White "Gerigk, Daniel"]
[Black "Chmelik, Ladislav"]
[Result "0-1"]
[WhiteElo "1690"]
[BlackElo "1761"]
[PlyCount "54"]
[EventDate "2018.06.30"]
[EventType "swiss"]
[EventRounds "9"]
[EventCountry "CZE"]
[SourceTitle "CBM 185 Extra"]
[Source "ChessBase"]
[SourceDate "2018.07.29"]
[SourceVersion "1"]
[SourceVersionDate "2018.07.29"]
[SourceQuality "1"]

1. e4 d6 2. d4 g6 3. Nf3 Bg7 4. Bc4 Nf6 5. e5 dxe5 6. Nxe5 0-0 7. 0-0 Nbd7 8. f4 c5 9. dxc5 Nxe5 10. fxe5 Qxd1 11. Rxd1 Ne4 12. Re1 Nxc5 13. Nc3 Be6 14. Nd5 Bxd5 15. Bxd5 Rad8 16. c4 e6 17. Bf3 Nd3 18. Re2 Nxe5 19. Rc2 Nxf3+ 20. gxf3 Rd1+ 21. Kf2 Rfd8 22. a4 Rh1 23. Kg3 Rdd1 24. Rb1 Rdg1+ 25. Kh3 g5 26. b4 Be5 27. Rg2 Rxc1 0-1

[Event "Kiel op-B 29th"]
[Site "Kiel"]
[Date "2016.08.04"]
[Round "8"]
[White "Gerigk, Daniel"]
[Black "Salwasser, Christian"]
[Result "0-1"]
[WhiteElo "1596"]
[BlackElo "1671"]
[PlyCount "50"]
[EventDate "2016.07.30"]
[EventType "swiss"]
[EventRounds "9"]
[EventCountry "GER"]
[SourceTitle "EXT 2017"]
[Source "ChessBase"]
[SourceDate "2016.10.25"]
[SourceVersion "1"]
[SourceVersionDate "2016.10.25"]
[SourceQuality "1"]

1. f4 Nc6 2. Nf3 d6 3. e3 e5 4. fxe5 dxe5 5. d3 Nf6 6. Be2 e4 7. Ng5 exd3 8. cxd3 Bb4+ 9. Nc3 Nd5 10. Nge4 f5 11. 0-0 fxe4 12. Nxe4 Be6 13. a3 Ba5 14. Nc5 Qc8 15. b4 Bb6 16. Bh5+ g6 17. Be2 Bxc5 18. bxc5 Qd7 19. Bf3 0-0-0 20. d4 Rhf8 21. Bd2 Nf6 22. Qb1 Bd5 23. e4 Bxe4 24. Bxe4 Qxd4+ 25. Rf2 Nxe4 0-1

[Event "Kiel op-B 29th"]
[Site "Kiel"]
[Date "2016.07.31"]
[Round "4"]
[White "Prasobhu, Pramod Kumar"]
[Black "Gerigk, Daniel"]
[Result "0-1"]
[WhiteElo "1703"]
[BlackElo "1596"]
[PlyCount "100"]
[EventDate "2016.07.30"]
[EventType "swiss"]
[EventRounds "9"]
[EventCountry "GER"]
[SourceTitle "EXT 2017"]
[Source "ChessBase"]
[SourceDate "2016.10.25"]
[SourceVersion "1"]
[SourceVersionDate "2016.10.25"]
[SourceQuality "1"]

1. e4 e5 2. Nf3 d6 3. d4 Bg4 4. dxe5 Bxf3 5. Qxf3 dxe5 6. Bc4 Qd7 7. 0-0 Bd6 8. Nc3 Nc6 9. Nb5 0-0-0 10. Rd1 Nf6 11. Nxd6+ cxd6 12. Bg5 Nd4 13. Qd3 Qg4 14. Bxf6 gxf6 15. Bxf7 Rd7 16. c3 Ne2+ 17. Kf1 Nf4 18. Qg3 Qe2+ 19. Kg1 Rxf7 20. Qe3 Qxe3 21. fxe3 Ne6 22. Rxd6 Nc5 23. Rf1 Nxe4 24. Rd5 Rd7 25. Rb5 Rd6 26. Rb4 Nd2 27. Re1 Rg8 28. Kf2 f5 29. g3 Ne4+ 30. Kf3 Rd2 31. Re2 Rg4 32. Rxd2 Nxd2+ 33. Ke2 Rxb4 34. cxb4 Nc4 35. b3 Nb6 36. Kf3 Nd5 37. e4 fxe4+ 38. Kxe4 Nc3+ 39. Kxe5 Nxa2 40. h4 Nxb4 41. Kf6 Nd5+ 42. Kg5 Kd7 43. Kh6 Nf6 44. Kg5 Ke6 45. h5 a5 46. g4 b5 47. Kh4 a4 48. bxa4 bxa4 49. g5 a3 50. g6 hxg6 0-1

[Event "Kiel op-B 29th"]
[Site "Kiel"]
[Date "2016.07.30"]
[Round "1"]
[White "Gerigk, Daniel"]
[Black "Aksut, Onder"]
[Result "1-0"]
[WhiteElo "1596"]
[BlackElo "1653"]
[PlyCount "98"]
[EventDate "2016.07.30"]
[EventType "swiss"]
[EventRounds "9"]
[EventCountry "GER"]
[SourceTitle "EXT 2017"]
[Source "ChessBase"]
[SourceDate "2016.10.25"]
[SourceVersion "1"]
[SourceVersionDate "2016.10.25"]
[SourceQuality "1"]

1. e4 e5 2. Nf3 d6 3. b3 Nf6 4. d3 Nc6 5. h3 Be7 6. Be2 Be6 7. c4 Qd7 8. Be3 a6 9. a4 Nb4 10. 0-0 c5 11. Nc3 Rd8 12. Nh2 h6 13. f4 exf4 14. Bxf4 g5 15. Be3 Nc6 16. Rf2 0-0 17. Qd2 Kg7 18. h4 g4 19. Bxh6+ Kh7 20. Bxf8 Rxf8 21. g3 Nd4 22. Rb1 Nh5 23. Nf1 Qd8 24. b4 Bxh4 25. Rh2 cxb4 26. Rxb4 Qa5 27. Rxh4 Kg6 28. Rb1 Qxc3 29. Bxg4 Bxg4 30. Rxg4+ Kh7 31. Qxc3 Ne2+ 32. Kf2 Nxc3 33. Rxb7 Nxa4 34. Ra7 Nc5 35. d4 Ne6 36. Ke3 Nf6 37. Rh4+ Kg7 38. Rxa6 Rb8 39. Rxd6 Rb3+ 40. Kd2 Ng5 41. Rxf6 Kxf6 42. Rf4+ Ke7 43. Ne3 Ne6 44. Nf5+ Kd7 45. Rg4 Rf3 46. Ke2 Rc3 47. c5 Ra3 48. e5 Ra4 49. Kf3 Kc6 1-0

[Event "Kiel op-B 29th"]
[Site "Kiel"]
[Date "2016.07.30"]
[Round "2"]
[White "Kathage, Holger"]
[Black "Gerigk, Daniel"]
[Result "0-1"]
[WhiteElo "1740"]
[BlackElo "1596"]
[PlyCount "72"]
[EventDate "2016.07.30"]
[EventType "swiss"]
[EventRounds "9"]
[EventCountry "GER"]
[SourceTitle "EXT 2017"]
[Source "ChessBase"]
[SourceDate "2016.10.25"]
[SourceVersion "1"]
[SourceVersionDate "2016.10.25"]
[SourceQuality "1"]

1. d4 d5 2. Nf3 Bf5 3. e3 a6 4. c4 b5 5. cxb5 Bxb1 6. Rxb1 axb5 7. Bxb5+ c6 8. Ba4 Qa5+ 9. Bd2 Qxa4 10. 0-0 Qxd1 11. Rfxd1 Rxa2 12. Rdc1 f6 13. b4 Kd7 14. b5 Ra7 15. b6 Rb7 16. Ba5 e6 17. Nd2 Nh6 18. Nb3 Na6 19. Rc2 Nf5 20. Ra2 Bd6 21. Rc1 Rhb8 22. Nc5+ Nxc5 23. dxc5 Be7 24. Bb4 Bd8 25. Kf1 Ne7 26. Ke2 Ng6 27. Bc3 e5 28. f3 Ke6 29. g3 h5 30. Rca1 Ne7 31. h3 g5 32. f4 Nf5 33. fxe5 fxe5 34. Kf3 Rf7 35. g4 Nd4+ 36. Kg2 Nb3 0-1